00316nam a2200121Ia 4500008004100000020001800041041000800059082001100067100001400078245006800092260002600160300000800186230116s9999 xx 000 0 und d a9789063693657 aeng a720.22 aMari A D. aConditional Design : An Introduction To Elemental Architecture. bB/s Publishers.c2021 a156